000
00317nam a2200121Ia 4500
008
190216s9999||||xx |||||||||||||| ||und||
100
_a
Publication Division Author
245
0
_a
Reflections(An Anthology Of Prose)
260
_b
University Of Calicut
_c
1994
300
_a
79p
650
_a
English Prose
942
_c
BK
999
_c
13839
_d
13839